[Event "SLO-chT 20th"]
[Site "Gostovanja"]
[Date "2010.06.20"]
[Round "4"]
[White "Rusjan, Miran"]
[Black "Vukic, Milan"]
[Result "1-0"]
[WhiteElo "2205"]
[BlackElo "2434"]
[PlyCount "107"]
[EventDate "2010.05.15"]
[EventType "team-tourn"]
[EventRounds "9"]
[EventCountry "SLO"]
[SourceTitle "EXT 2020"]
[Source "ChessBase"]
[SourceDate "2019.10.17"]
[SourceVersion "1"]
[SourceVersionDate "2019.10.17"]
[SourceQuality "1"]
[WhiteTeam "Nova Gorica"]
[BlackTeam "Podpec"]
[WhiteTeamCountry "SLO"]
[BlackTeamCountry "SLO"]

1. d4 Nf6 2. c4 d6 3. Nc3 Nbd7 4. e4 e5 5. d5 Nc5 6. f3 a5 7. Be3 Be7 8. Nge2 0-0 9. Ng3 Ne8 10. Bd3 g6 11. 0-0 Ng7 12. Bc2 Bg5 13. Qd2 Bxe3+ 14. Qxe3 Bd7 15. b3 c6 16. Rad1 Qe7 17. Rf2 Rfd8 18. Rfd2 Be8 19. a3 Na6 20. Nge2 c5 21. g4 Bd7 22. Ng3 Qh4 23. Rg2 Nc7 24. a4 Nce8 25. Bd3 h6 26. Nge2 Nf6 27. Qf2 Qxf2+ 28. Kxf2 Re8 29. h3 Re7 30. Ng3 Rf8 31. Rdg1 Kh8 32. Nf1 Nh7 33. Ne3 b6 34. h4 Nf6 35. Ke1 h5 36. g5 Ng8 37. Ke2 Ree8 38. Nb5 Bxb5 39. cxb5 Ne7 40. Nc4 Nc8 41. Ke3 Kh7 42. Bf1 f5 43. gxf6 Rxf6 44. Rg3 Ne7 45. Nxb6 Nef5+ 46. exf5 Nxf5+ 47. Kd2 Nxg3 48. Rxg3 e4 49. Be2 e3+ 50. Kc3 Rf4 51. Nc4 Rxh4 52. Nxd6 Rd8 53. Ne4 Kh6 54. d6 1-0

[Event "SLO Cup"]
[Site "Otocec"]
[Date "2009.05.22"]
[Round "1"]
[White "Rusjan, Miran"]
[Black "Matovina, Ziga"]
[Result "1-0"]
[WhiteElo "2224"]
[BlackElo "1586"]
[PlyCount "45"]
[EventDate "2009.05.22"]
[EventType "team-tourn"]
[EventRounds "5"]
[EventCountry "SLO"]
[SourceTitle "CBM 130 Extra"]
[Source "ChessBase"]
[SourceDate "2009.07.02"]
[SourceVersion "2"]
[SourceVersionDate "2009.07.15"]
[SourceQuality "1"]

1. d4 Nf6 2. c4 e6 3. Nc3 Bb4 4. Qc2 0-0 5. Nf3 b6 6. e3 Bb7 7. Be2 Ne4 8. 0-0 f5 9. Bd3 Bxc3 10. bxc3 d6 11. Nd2 Qh4 12. f4 Nf6 13. e4 fxe4 14. Nxe4 Nbd7 15. Qe2 Rae8 16. Ba3 Nxe4 17. Bxe4 Bxe4 18. Qxe4 Rf6 19. g3 Qh3 20. Rad1 e5 21. fxe5 dxe5 22. dxe5 Qe6 23. exf6 1-0

[Event "SLO-chT1 West"]
[Site "Ljubljana"]
[Date "2008.11.16"]
[Round "5.2"]
[White "Rusjan, Miran"]
[Black "Kosmac, Blaz"]
[Result "1/2-1/2"]
[WhiteElo "2241"]
[BlackElo "2175"]
[PlyCount "51"]
[EventDate "2008.11.13"]
[EventType "team-tourn"]
[EventRounds "9"]
[EventCountry "SLO"]
[SourceTitle "EXT 2010"]
[Source "ChessBase"]
[SourceDate "2010.11.25"]
[SourceVersion "1"]
[SourceVersionDate "2010.11.25"]
[SourceQuality "1"]
[WhiteTeam "Nova Gorica"]
[BlackTeam "Kranj Tomo Zupan"]
[WhiteTeamCountry "SLO"]
[BlackTeamCountry "SLO"]

1. d4 Nf6 2. c4 g6 3. Nc3 d5 4. cxd5 Nxd5 5. e4 Nxc3 6. bxc3 Bg7 7. Bc4 0-0 8. Ne2 c5 9. 0-0 Nc6 10. Be3 Bg4 11. f3 Na5 12. Bd5 cxd4 13. Bxd4 Bd7 14. Rb1 Qc7 15. Bxg7 Kxg7 16. Qd4+ Kg8 17. Rfd1 Bc6 18. Bxc6 Qxc6 19. Qb4 Qc7 20. Rd5 b6 21. Rbd1 Rfd8 22. Qd4 Nb7 23. Rd7 Rxd7 24. Qxd7 Rc8 25. Qxc7 Rxc7 26. Kf2 1/2-1/2

[Event "SLO-chT2"]
[Site "Ljubljana"]
[Date "2007.11.17"]
[Round "4.3"]
[White "Hasanagic, Alim"]
[Black "Rusjan, Miran"]
[Result "1/2-1/2"]
[WhiteElo "2095"]
[BlackElo "2230"]
[PlyCount "39"]
[EventDate "2007.11.15"]
[EventType "team"]
[EventRounds "9"]
[EventCountry "SLO"]
[SourceTitle "CBM 121 Extra"]
[Source "ChessBase"]
[SourceDate "2008.01.10"]
[SourceVersion "1"]
[SourceVersionDate "2008.01.10"]
[SourceQuality "1"]
[WhiteTeam "Jesenice"]
[BlackTeam "Nova Gorica"]
[WhiteTeamCountry "SLO"]
[BlackTeamCountry "SLO"]

1. d4 Nf6 2. c4 e6 3. Nf3 c5 4. d5 exd5 5. cxd5 d6 6. Nc3 g6 7. h3 Bg7 8. e4 0-0 9. Bd3 a6 10. a4 Re8 11. 0-0 Nbd7 12. Bf4 Qc7 13. Re1 Rb8 14. Nd2 Ne5 15. Be2 Bd7 16. a5 Bc8 17. Qc2 Nfd7 18. Be3 Nf6 19. Bf4 Nfd7 20. Be3 1/2-1/2

[Event "SLO-chT2"]
[Site "Ljubljana"]
[Date "2007.11.17"]
[Round "3.3"]
[White "Rusjan, Miran"]
[Black "Bulatovic, Milorad"]
[Result "1-0"]
[WhiteElo "2230"]
[BlackElo "2029"]
[PlyCount "127"]
[EventDate "2007.11.15"]
[EventType "team"]
[EventRounds "9"]
[EventCountry "SLO"]
[SourceTitle "CBM 121 Extra"]
[Source "ChessBase"]
[SourceDate "2008.01.10"]
[SourceVersion "1"]
[SourceVersionDate "2008.01.10"]
[SourceQuality "1"]
[WhiteTeam "Nova Gorica"]
[BlackTeam "Kranj Stari Mayr"]
[WhiteTeamCountry "SLO"]
[BlackTeamCountry "SLO"]

1. d4 d5 2. c4 c6 3. Nf3 Nf6 4. Nc3 e6 5. Bg5 h6 6. Bxf6 Qxf6 7. e3 Nd7 8. Rc1 Bb4 9. Bd3 dxc4 10. Bxc4 Nb6 11. Bd3 Nd5 12. 0-0 Nxc3 13. bxc3 Ba5 14. Ne5 Bc7 15. f4 0-0 16. Qh5 Bxe5 17. fxe5 Qg5 18. Qxg5 hxg5 19. Rf3 f5 20. g4 g6 21. gxf5 g4 22. Rg3 exf5 23. h3 f4 24. exf4 Rxf4 25. Bxg6 Kh8 26. Rf1 Rxf1+ 27. Kxf1 gxh3 28. Bf7 Bf5 29. e6 Kh7 30. Rg5 Bd3+ 31. Kg1 Bc4 32. a3 Kh6 33. Rg3 a5 34. Kh2 Rb8 35. Kxh3 b5 36. Kh4 b4 37. axb4 axb4 38. Rg6+ Kh7 39. Kg5 bxc3 40. Kf6 Rb2 41. Bg8+ Kh8 42. e7 Rf2+ 43. Kg5 Rg2+ 44. Kf4 c2 45. Rh6+ Kg7 46. Rh1 Rf2+ 47. Kg3 Re2 48. Bxc4 Rxe7 49. Kf4 Kf6 50. Bb3 Re2 51. Rh6+ Ke7 52. Rxc6 Rd2 53. Ke5 Re2+ 54. Kd5 Rh2 55. Rc7+ Kd8 56. Rxc2 Rh3 57. Bc4 Rh5+ 58. Kd6 Rh4 59. Rd2 Rh7 60. Be6 Ra7 61. Rc2 Ra6+ 62. Rc6 Ra8 63. d5 Rb8 64. Rc8+ 1-0

[Event "SLO-chT"]
[Site "Celje"]
[Date "2003.11.21"]
[Round "6"]
[White "Kos, Toni"]
[Black "Rusjan, Miran"]
[Result "1/2-1/2"]
[WhiteElo "2361"]
[BlackElo "2235"]
[PlyCount "43"]
[EventDate "2003.11.17"]
[EventType "team-swiss"]
[EventRounds "9"]
[EventCountry "SLO"]
[SourceTitle "CBM 097 Extra"]
[Source "ChessBase"]
[SourceDate "2004.01.13"]
[SourceVersion "1"]
[SourceVersionDate "2004.01.13"]
[SourceQuality "1"]

1. e4 c5 2. Nc3 Nc6 3. Nf3 e6 4. Bb5 Nd4 5. Bd3 a6 6. 0-0 d6 7. Nxd4 cxd4 8. Ne2 e5 9. c3 dxc3 10. dxc3 Be6 11. c4 Rc8 12. b3 Qa5 13. Bd2 Qa3 14. Nc3 Nf6 15. Nd5 Bxd5 16. cxd5 Be7 17. Qe1 0-0 18. Bc1 Qc5 19. Be3 Qa3 20. Bc1 Qc5 21. Be3 Qa3 22. Bc1 1/2-1/2

[Event "SLO-chT"]
[Site "Celje"]
[Date "2003.11.18"]
[Round "3"]
[White "Gjuran, Denis"]
[Black "Rusjan, Miran"]
[Result "1/2-1/2"]
[WhiteElo "2251"]
[BlackElo "2235"]
[PlyCount "186"]
[EventDate "2003.11.17"]
[EventType "team-swiss"]
[EventRounds "9"]
[EventCountry "SLO"]
[SourceTitle "CBM 097 Extra"]
[Source "ChessBase"]
[SourceDate "2004.01.13"]
[SourceVersion "1"]
[SourceVersionDate "2004.01.13"]
[SourceQuality "1"]

1. e4 c5 2. c3 d5 3. exd5 Qxd5 4. d4 Nf6 5. Nf3 e6 6. Be2 Be7 7. 0-0 0-0 8. Ne5 cxd4 9. cxd4 Rd8 10. Nc3 Qa5 11. Nc4 Qc7 12. Nb5 Qc6 13. Ne5 Qb6 14. a4 Re8 15. Bf4 Nd5 16. Bg3 Nc6 17. Nc4 Qd8 18. Bf3 a6 19. Nbd6 Bxd6 20. Nxd6 Re7 21. Re1 Ncb4 22. Qb3 b6 23. Nc4 a5 24. Bd6 Rea7 25. Bxb4 axb4 26. Bxd5 Qxd5 27. Qxb4 Bb7 28. Ne3 Qa5 29. Qd6 b5 30. b4 Qd8 31. Qxd8+ Rxd8 32. axb5 Rxa1 33. Rxa1 Rxd4 34. Ra7 Bd5 35. h3 g5 36. Rd7 Kf8 37. Nxd5 exd5 38. b6 Rxb4 39. b7 Kg7 40. Rxd5 Rxb7 41. Rxg5+ Kf6 42. h4 h6 43. Ra5 Rb6 44. g3 Kg6 45. Kg2 h5 46. Rg5+ Kh6 47. Re5 f6 48. Rd5 Kg6 49. Kf3 Rb3+ 50. Kf4 Rb4+ 51. Ke3 Rb3+ 52. Rd3 Rb4 53. f3 Rb1 54. Rd4 Re1+ 55. Kf4 Rh1 56. Rd8 Ra1 57. Rg8+ Kh7 58. Re8 Kg6 59. g4 hxg4 60. fxg4 Rf1+ 61. Kg3 Rg1+ 62. Kf3 Rf1+ 63. Kg2 Ra1 64. Re3 Rb1 65. Kg3 Rh1 66. Rf3 Ra1 67. h5+ Kg7 68. Re3 Rg1+ 69. Kf4 Rf1+ 70. Rf3 Ra1 71. Kg3 Rg1+ 72. Kh3 Rh1+ 73. Kg2 Ra1 74. Rd3 Ra7 75. Kf3 Kh6 76. Rd8 Kg7 77. Kf4 Ra4+ 78. Kf5 Ra5+ 79. Ke4 Re5+ 80. Kf4 Re1 81. Rd7+ Kh6 82. Rf7 Rf1+ 83. Kg3 Rg1+ 84. Kh3 Rf1 85. Kg2 Rf4 86. Kg3 Rf1 87. Rc7 Rg1+ 88. Kf3 Rf1+ 89. Kg2 Rf4 90. Kg3 Rf1 91. Rc4 Kg5 92. Rc5+ f5 93. Rxf5+ Rxf5 1/2-1/2

[Event "SLO-chT2W"]
[Site "Slovenia"]
[Date "2002.11.23"]
[Round "4.1"]
[White "Kozamernik, Janez"]
[Black "Rusjan, Miran"]
[Result "1/2-1/2"]
[WhiteElo "2176"]
[BlackElo "2234"]
[PlyCount "31"]
[EventDate "2002.11.22"]
[EventType "team"]
[EventRounds "7"]
[EventCountry "SLO"]
[SourceTitle "EXT 2005"]
[Source "ChessBase"]
[SourceDate "2004.11.15"]
[SourceVersion "1"]
[SourceVersionDate "2004.11.15"]
[SourceQuality "1"]

1. e4 c5 2. Nf3 e6 3. d4 cxd4 4. Nxd4 a6 5. Bd3 Nc6 6. Nxc6 dxc6 7. Nd2 e5 8. Qh5 Bd6 9. Nc4 Nf6 10. Nxd6+ Qxd6 11. Qe2 0-0 12. 0-0 b5 13. a4 Bb7 14. Bg5 Nd7 15. Rfd1 Qe6 16. c3 1/2-1/2